ՀՀ Գիտությունների ազգային ակադեմիայի հիմնարար գիտական գրադարան  =   Fundamental Scientific Library of NAS RA

Հոկտեմբերյան ռևոլյուցիան և սոցիալիզմի շինարարությունը Բուլղարիայի ժողովրդական ռեսպուբլիկայում / (Record no. 188215)

MARC details
000 -LEADER
fixed length control field 01099nam a2200193 u 4500
001 - CONTROL NUMBER
control field 000507172
003 - CONTROL NUMBER IDENTIFIER
control field AM-YeHGA
005 - DATE AND TIME OF LATEST TRANSACTION
control field 20250617134815.0
008 - FIXED-LENGTH DATA ELEMENTS--GENERAL INFORMATION
fixed length control field 061103s1957 ai | |||||||||||||arm|d
040 ## - CATALOGING SOURCE
Original cataloging agency AM-YeHGA
041 0# - LANGUAGE CODE
Language code of text/sound track or separate title arm
090 ## - LOCALLY ASSIGNED LC-TYPE CALL NUMBER (OCLC); LOCAL CALL NUMBER (RLIN)
-- 189682
100 1# - MAIN ENTRY--PERSONAL NAME
Personal name Միքայելյան, Ս.Ա
245 10 - TITLE STATEMENT
Title Հոկտեմբերյան ռևոլյուցիան և սոցիալիզմի շինարարությունը Բուլղարիայի ժողովրդական ռեսպուբլիկայում /
Statement of responsibility, etc. Ս.Ա. Միքայելյան; ՀՍՍՌ քաղ. և գիտ. գիտելիքն. տարածման ընկ.
260 ## - PUBLICATION, DISTRIBUTION, ETC.
Place of publication, distribution, etc. Երևան :
Name of publisher, distributor, etc. ՀՍՍՌ քաղ. և գիտ. գիտելիքների տարածման ընկ. հրատ.,
Date of publication, distribution, etc. 1957.
300 ## - PHYSICAL DESCRIPTION
Extent 48 էջ :
Other physical details դիմանկ., նկ., քարտեզն. ;
Dimensions 20 սմ.
650 14 - SUBJECT ADDED ENTRY--TOPICAL TERM
Topical term or geographic name entry element Քաղաքական, տնտեսական և մշակութային կյանքը առանձին տարածքներում և երկրներում
Geographic subdivision Բուլղարիա
710 2# - ADDED ENTRY--CORPORATE NAME
Corporate name or jurisdiction name as entry element Քաղաքական և գիտական գիտելիքների տարածման ընկերություն ՀՍՍՌ
Holdings
Withdrawn status Lost status Damaged status Not for loan Collection Home library Current library Date acquired Cost, normal purchase price Total checkouts Full call number Barcode Date last seen Price effective from Koha item type Public note
        General Fundamental Scientific Library Fundamental Scientific Library 28/12/2016 80.00   AII/11451 FL0014612 28/12/2016 28/12/2016 Գրքեր / Books 30 Days Loan
        General Fundamental Scientific Library Fundamental Scientific Library 28/12/2016 80.00   AII/2422 FL0028049 28/12/2016 28/12/2016 Գրքեր / Books 30 Days Loan


ՀՀ ԳԱԱ հիմնարար գիտական գրադարան
ՀՀ,Երևան 0019
Մարշալ Բաղրամյան 24/6
հեռախոս:(374-10) 52-47-50
Հետադարձ կապ

All site content, except where otherwise noted, is licensed under a
Creative Commons License